Statistiken für Die fünf größten Länder pro Kontinent

Klicken Sie hier um das Quiz zu spielen!

Allgemein

  • Dieses Quiz wurde 6,601 mal gespielt
  • Das Durchschnittsergebnis liegt bei 23 aus 29

Antwortstatistiken

Kontinent Land % Korrekt
Europa/AsienRussland
99%
NordamerikaVereinigte Staaten
98%
AsienChina
98%
NordamerikaKanada
98%
SüdamerikaBrasilien
97%
EuropaFrankreich
97%
OzeanienAustralien
96%
SüdamerikaArgentinien
95%
NordamerikaMexiko
95%
AsienIndien
92%
OzeanienNeuseeland
92%
EuropaSpanien
91%
EuropaUkraine
88%
AfrikaD.R. Kongo
86%
SüdamerikaPeru
85%
AfrikaAlgerien
84%
SüdamerikaKolumbien
84%
AsienKasachstan
80%
EuropaSchweden
77%
SüdamerikaBolivien
77%
AfrikaSudan
75%
AfrikaLibyen
65%
OzeanienPapua-Neuguinea
65%
AfrikaTschad
60%
AsienSaudi-Arabien
59%
NordamerikaHonduras
58%
NordamerikaNicaragua
56%
OzeanienFidschi
53%
OzeanienSalomonen
38%

Verteilung der Resultate

Perzentil nach korrekt beantworteten Fragen

Anzahl Personen mit jedem Resultat

Ihre Resultats-Entwicklung

Sie haben dieses Quiz noch nicht gespielt